| 000 | 00453nam a22001697a 4500 | ||
|---|---|---|---|
| 999 |
_c11773 _d11773 |
||
| 008 | 210102b ||||| |||| 00| 0 eng d | ||
| 020 | _a9788131726020 | ||
| 082 |
_a519.5 _bBAJ |
||
| 100 | _a Bajpai, Naval | ||
| 245 | _aBusiness statistics | ||
| 260 |
_aNew Delhi _bDorling kindersley India pvt. ltd. _c2010 |
||
| 300 |
_axxix, 794p. _bPbc |
||
| 650 | _aCommercial statistics | ||
| 650 | _aCharts and graphs | ||
| 650 | _aProbability | ||
| 942 | _cBK | ||